Quản lý đô thị
Sách cung cấp những kiến thức mới về quản lý các dịch vụ công cộng ở đô thị, được dùng làm tài liệu giảng dạy cho sinh viên trong các trường đại học và phục vụ cho các cán bộ quản lý đô thị trong cả nước....
Uloženo v:
| Hlavní autor: | |
|---|---|
| Médium: | Kniha |
| Jazyk: | Undetermined |
| Vydáno: |
Hà Nội
Xây Dựng
2001
|
| Témata: | |
| Tagy: |
Přidat tag
Žádné tagy, Buďte první, kdo otaguje tento záznam!
|
| Thư viện lưu trữ: | Trung tâm Học liệu Trường Đại học Cần Thơ |
|---|
| LEADER | 01115nam a2200229Ia 4500 | ||
|---|---|---|---|
| 001 | CTU_46702 | ||
| 008 | 210402s9999 xx 000 0 und d | ||
| 020 | |c 52000 | ||
| 082 | |a 352.1609597 | ||
| 082 | |b Ch125 | ||
| 100 | |a Nguyễn, Ngọc Châu | ||
| 245 | 0 | |a Quản lý đô thị | |
| 245 | 0 | |c Nguyễn Ngọc Châu | |
| 260 | |a Hà Nội | ||
| 260 | |b Xây Dựng | ||
| 260 | |c 2001 | ||
| 520 | |a Sách cung cấp những kiến thức mới về quản lý các dịch vụ công cộng ở đô thị, được dùng làm tài liệu giảng dạy cho sinh viên trong các trường đại học và phục vụ cho các cán bộ quản lý đô thị trong cả nước. | ||
| 526 | |a Quy hoạch sử dụng đất và quy hoạch vùng đô thị,Quản lý đô thị,Quản lý đô thị và khu dân cư nông thôn,Chính sách đô thị | ||
| 526 | |b MT901,MT158,NN780,MTD610 | ||
| 650 | |a Cities and towns,Public administration | ||
| 650 | |z Vietnam | ||
| 980 | |a Trung tâm Học liệu Trường Đại học Cần Thơ | ||